01403 a2200265 4500003000500000005001700005010001700022020002200039035002300061040000900084082001400093100002200107245009300129260004200222300003700264440003800301505036400339650006400703650002700767650006700794650005500861650003800916856009100954856009201045Nust20230927145751.0 a 2005280743 a0750677465 (pbk.) a(OCoLC)ocm61190656 cNust00a005.8,CHA1 aChandra, Praphul.10aBulletproof Wireless Security: GSM, UMTS, 802.11 and Ad Hoc Security /cPraphul Chandra. aAmsterdam ;aBoston :bNewnes,c2005. axxxiii, 237 p. :bill. ;c24 cm. 0aCommunications engineering series aSecurity and cryptography (Page-1), Network security protocol (Page-29), Security and layered architecture (Page67), Voice-oriented wireless networks (Page-85), Data-oriented wireless networks (Page-109), Security in traditional wireless networks (Page-129), Security in wireless local area networks (Page-159), Security in wireless Adhoc networks (Page-199). 0aGlobal system for mobile communicationsxSecurity measures. 0aIEEE 802.11 (Standard) 0aUniversal Mobile Telecommunications SystemxSecurity measures. 0aWireless communication systemsxSecurity measures. 0aWireless LANsxSecurity measures.423Publisher descriptionuhttp://www.loc.gov/catdir/enhancements/fy0626/2005280743-d.html423Table of contents onlyuhttp://www.loc.gov/catdir/enhancements/fy0626/2005280743-t.html